000 00895cam a2200193 4500
001 ABS67325
008 031209n2003 000 0 eng u
035 _a(Sirsi) u124587
245 _aRegional Development Agencies
260 _c2003
490 _aEstates Gazette
_v(0348) 29 November 2003, 51-57(6)
520 _aFocuses on the property portfolio management strategies of Regional Development Agencies (RDAs) which range from the complete sell off of assets to the creation of public private partnerships. Lists property strategies of each RDA and assesses marketing strategies used by RDAs for attracting inward investment to generate income. Considers whether RDAs provide good value for money.
590 _aABS
650 _aREGIONAL DEVELOPMENT AGENCIES
650 _aPROPERTY PORTFOLIOS
650 _aINWARD INVESTMENT
690 _aPROPERTY-PROPERTY DEVELOPMENT
942 _n0
999 _c73935
_d73935